Personnages de My Hero Academia - Statistiques

Statistiques générales
  • Ce quiz a été pris 4 663 fois
    2 547 depuis la dernière actualisation
  • Le résultat moyen est 28 sur 99
Statistiques - réponses
Alter Personnage % Correct
One For All Izuku Midoriya / Deku
86%
One For All Toshinori Yagi / All Might
80%
All For One All For One
67%
Explosion Katsuki Bakugo
67%
Glace et Feu Shoto Todoroki
64%
Acide Mina Ashido / Pinky
62%
Ailes d'Acier Keigo Takami / Hawks
61%
Durcissement Eijiro Kirishima / Red Riot
57%
Gravité Zéro Ochaco Uraraka / Uravity
56%
Hell Flame Enji Todoroki / Endeavor
54%
Crémation Crématorium
53%
Électricité Denki Kaminari / Chargéclair
52%
Acier Tetsutetsu Tetsutetsu / Real Steel
52%
Grenouille Tsuyu Asui / Froppy
52%
Désintégration Tenko Shimura / Tomura Shigaraki
50%
Effacement Shota Aizawa / Eraser Head
49%
Overhaul Kai Chisaki / Overhaul
48%
Parfum soporifique Nemuri Kayama / Midnight
48%
Création Momo Yaoyorozu / Creaty
46%
Engine Tenya Iida / Ingenium
46%
Earphone Jack Kyoka Jiro / Earphone Jack
44%
Métamorphose Himiko Toga
43%
Boing Boing Minoru Mineta / Grape Juice
43%
Perméation (auparavant) Mirio Togata / Lemillion
41%
Création de portails Black Mist
40%
Dark Shadow Fumikage Tokoyami / Tsukuyomi
40%
Duplicité Jin Bubaigawara / Twice
37%
Voice Hizashi Yamada / Present Mic
36%
Graisse Absorbante Taishiro Toyomitsu / Fat Gum
36%
Invisibilité Toru Hagakure / Invisible Girl
36%
Gigantisme Yu Takeyama / Mount Lady
36%
Ruban Adhésif Hanta Sero / Cellophane
35%
Ciment Ken Ishiyama / Cementos
35%
Rembobinage Eri
34%
Augmentation Musculaire Imasuji Goto / Muscular
34%
Orque Kugo Sakamata / Gang Orca
34%
Sugar Dope Rikido Sato / Sugarman
34%
Maitre de la Fibre Tsunagu Hakamata / Best Jeanist
34%
Coagulation Chizome Akaguro / Stain
33%
Nombrilaser Yuga Aoyama / Can't stop twinkling
33%
Amour Manami Aiba / Love Lover
30%
Bras cloneurs Mezo Shoji / Tentapoulpe
30%
Compress Atsuhiro Sako / Mister Compress
28%
Tail Mashirao Ojiro / Tailman
28%
Arborescence Shinji Nishiya / Dieu Sylvestre
28%
Voix du vivant Koji Koda / Anima
27%
Lavage de Cerveau Hitoshi Shinso / Mindjack
26%
Assimilation Tamaki Amajiki / Sun Eater
26%
Trou Noir Numéro 13
25%
Copie Neito Monoma / Phantom Thief
24%
Clones Ectoplasm
23%
Prévoyance Mirai Sasaki / Sir Nighteye
23%
Zoom Mei Hatsume
22%
Dragon Ryuko Tatsuma / Ryukyu
22%
Gecko Shuichi Iguchi / Spinner
22%
Super régérénation / Absorption de chocs Brainless
21%
Réacteurs Sorahiko Torino / Gran Torino
21%
Élasticité Danjuro Tobita / Gentle
19%
Attraction mineure d'objets Inko Midoriya
19%
Verrouiller Ken Takagi / Lock Lock
19%
Corps de Papier Shinya Kamihara / Edgeshot
19%
Haute perf. Nezu
18%
Endurance / Gigantisme / Alters multiples Gigantomachia
17%
Surge Nejire Hado
17%
Giant Fists Itsuka Kendo / Battle Fist
16%
Récupération Chiyo Shuzenji / Recovery Girl
15%
Bulles Kaoruko Awata / Bubble Girl
15%
Magnétisme Kenji Hikiishi / Magnet
15%
Stress Rikiya Yotsubashi / Re-Destro
15%
Ronces Ibara Shiozaki / Vine
14%
Manipulation du sang Sekijiro Kan / Vlad King
14%
Chien Ryo Inui / Hound Dog
13%
Tête chercheuse Snipe
13%
Télépathie Shino Sosaki / Mandalay
12%
Vent Inasa Yoarashi / Ouragan
11%
Comics Manga Fukidashi / Comic Man
11%
Flot de Terre Ryuko Tsuchikawa / Pixie-Bob
11%
Recherche (auparavant) Tomoko Shiretoko / Ragdoll
11%
Mille-Pattes Juzo Moashi / Centipede
10%
Vibration Yo Shindo
10%
Hydrokinésie Masaki Mizushima / Manual
9%
Manipulation dentaire Moonfish
9%
Souplesse Yawara Chatora / Tora
9%
Beast Jurota Shishida / Gévaudan
8%
Champignon Kinoko Komori / Magirolle
8%
Gatling Gun Head
7%
Ongles d'Acier Higari Maijima / Power Loader
7%
Water Creation Kota Izumi
7%
Cornes Canon Pony Tsunotori
7%
Mimicry Joi Irinaka / Mimic
6%
Sleep Gas Mustard
6%
Phoca largha Selkie
6%
Black Integration Shihai Kuroiro / Vantablack
6%
Good Ear Sirius
6%
Quatre bras Fourth Kind
5%
Boucherie Seiji Shishikura
5%
Hydrokinésie Backdraft
3%
Force Surhumaine Bare Handeath
3%
Détecteur de mensonge Naomasa Tsukauchi
3%
Aucun quiz correspondant
Distribution des résultats
% des personnes avec chaque résultat
Percentile par nombre de réponses
Votre historique - résultats
Vous n’avez pas pris ce quiz depuis la dernière actualisation